[Event "37th World Junior Girls"]
[Site "New Delhi IND"]
[Date "2019.10.21"]
[Round "7.16"]
[White "Protopopova, Anastasiya"]
[Black "Mungunzul, Bat-Erdene"]
[Result "1-0"]
[WhiteTitle "WFM"]
[BlackTitle "WCM"]
[WhiteElo "2263"]
[BlackElo "1912"]
[WhiteFideId "24172073"]
[BlackFideId "4902831"]
[EventDate "2019.10.15"]

1. d4 d5 2. c4 c6 3. Nf3 Nf6 4. g3 Bf5 5. Nc3 e6 6. Nh4 Be4 7. f3 Bg6 8. Nxg6
hxg6 9. Qb3 Qc8 10. Be3 Nbd7 11. Bf2 dxc4 12. Qxc4 Bd6 13. e4 e5 14. f4 Nb6 15.
Qe2 exd4 16. Bxd4 Be7 17. O-O-O Qe6 18. h4 Bb4 19. Bh3 Qe7 20. Rhe1 O-O 21. a3
Bxc3 22. Bxc3 Rfd8 23. e5 Rxd1+ 24. Rxd1 Nfd5 25. Be1 Qc5+ 26. Kb1 Re8 27. h5
gxh5 28. Qxh5 Qb5 29. Bf5 Ne3 30. Qh7+ Kf8 31. Bb4+ c5 32. Bd7 Nxd7 33. Rxd7
Qf1+ 34. Be1 Qxe1+ 35. Ka2 1-0

[Event "37th World Junior Girls"]
[Site "New Delhi IND"]
[Date "2019.10.21"]
[Round "7.17"]
[White "Toshali, V"]
[Black "Priyanka, Nutakki"]
[Result "0-1"]
[BlackTitle "WIM"]
[WhiteElo "1868"]
[BlackElo "2248"]
[WhiteFideId "5072611"]
[BlackFideId "25049615"]
[EventDate "2019.10.15"]

1. d4 Nf6 2. Nf3 g6 3. Nc3 d5 4. Bf4 Bg7 5. e3 O-O 6. Be2 c5 7. dxc5 Nbd7 8. O-O
Nxc5 9. Be5 e6 10. Nb5 Ne8 11. Bxg7 Nxg7 12. c4 a6 13. Nc3 dxc4 14. Bxc4 b5 15.
b4 Nd7 16. Bd3 Bb7 17. Be4 Bxe4 18. Nxe4 f5 19. Nc5 Nb6 20. e4 Qe7 21. Re1 a5
22. exf5 Rxf5 23. Nd4 Rd5 24. Qg4 axb4 25. Ncxe6 Qd7 26. h3 Re8 27. Nxg7 Rxe1+
28. Rxe1 Qxg4 29. hxg4 Rxd4 30. Ne8 Rd2 31. g5 Rxa2 32. Nd6 Nd5 33. Rb1 Ra5 34.
f4 Kf8 35. f5 gxf5 36. Nxf5 Kf7 37. Nd4 Kg6 38. Nf3 Ra2 39. Kh2 Kf5 40. Nd4+
Kxg5 41. Nxb5 Rd2 42. Rb3 Kf4 43. Nd6 Rc2 44. Rh3 Ke5 45. Nb5 Rxg2+ 46. Kxg2
Nf4+ 47. Kg3 Nxh3 48. Kxh3 Kd5 49. Kg4 Kc5 50. Nc7 b3 51. Ne6+ Kc4 52. Ng5 b2
53. Nxh7 b1=Q 54. Ng5 Kd5 55. Kf4 Qc1+ 56. Kf5 Qf1+ 57. Kg4 Qf6 58. Nf3 Ke4 59.
Ng5+ Ke3 60. Nh3 Qg7+ 61. Ng5 Qg6 62. Kh4 Kf4 63. Nh3+ Kf5 64. Nf2 Qg2 65. Kh5
Qg5# 0-1

[Event "37th World Junior Girls"]
[Site "New Delhi IND"]
[Date "2019.10.21"]
[Round "7.20"]
[White "Cervantes Landeiro, Thalia"]
[Black "Ghosh, Samriddhaa"]
[Result "1-0"]
[WhiteTitle "WIM"]
[WhiteElo "2176"]
[BlackElo "1867"]
[WhiteFideId "3520498"]
[BlackFideId "5094003"]
[EventDate "2019.10.15"]

1. d4 d5 2. c4 dxc4 3. Nf3 Nf6 4. e3 g6 5. Bxc4 Bg7 6. O-O O-O 7. Nc3 Nc6 8. h3
Bf5 9. Re1 Ne4 10. Nd2 Nxd2 11. Bxd2 e5 12. d5 Ne7 13. e4 Bd7 14. Bg5 h6 15. Be3
Nc8 16. Bb5 Nd6 17. Bxd7 Qxd7 18. Rc1 f5 19. Bc5 Bf6 20. Qb3 Bh4 21. Re2 Rf7 22.
Bxd6 cxd6 23. Qb4 Bg5 24. Rcc2 f4 25. f3 Bd8 26. Kf1 Bb6 27. Na4 Be3 28. Nc3 Bc5
29. Qb5 Qd8 30. Nd1 a6 31. Qd3 Qh4 32. Nf2 h5 33. a3 a5 34. Rxc5 dxc5 35. Qc3
Qf6 36. Nd3 Re7 37. Qxc5 b6 38. Qc4 Qd6 39. Rc2 Kg7 40. Qc3 Kf7 41. Qb3 Kg7 42.
Rc6 Qd8 43. Qc3 Kh7 44. Nxe5 Rg7 45. d6 Raa7 46. Nd3 Rgf7 47. e5 Qd7 48. Qc4 b5
49. Qd5 Qf5 50. Rc5 b4 51. e6 Rf8 52. Qxf5 gxf5 53. d7 Rd8 54. e7 Raxd7 55.
exd8=Q Rxd8 56. Nxf4 bxa3 57. bxa3 Rd4 58. Nxh5 Ra4 59. Rc3 f4 60. Nf6+ Kg6 61.
Ne4 Kf5 62. Ke2 1-0

[Event "37th World Junior Girls"]
[Site "New Delhi IND"]
[Date "2019.10.21"]
[Round "7.23"]
[White "Jain, Nityata"]
[Black "Obregon Garcia, Roxangel"]
[Result "1/2-1/2"]
[WhiteTitle "WFM"]
[BlackTitle "WFM"]
[WhiteElo "2029"]
[BlackElo "2267"]
[WhiteFideId "35071289"]
[BlackFideId "3520420"]
[EventDate "2019.10.15"]

1. e4 c5 2. Nf3 Nc6 3. Bb5 g6 4. Bxc6 dxc6 5. d3 Bg7 6. h3 Nf6 7. Nc3 Nd7 8. Be3
e5 9. Qd2 Qe7 10. Bh6 f6 11. Bxg7 Qxg7 12. Qe3 Qe7 13. O-O Nf8 14. Ne2 Ne6 15.
c3 O-O 16. Rfd1 b6 17. d4 cxd4 18. cxd4 exd4 19. Nfxd4 Nxd4 20. Rxd4 c5 21. Rd2
Bb7 22. Nc3 Rae8 23. Rad1 Rd8 24. Qe2 a6 25. Qc4+ Kg7 26. Rxd8 Rxd8 27. Rxd8
Qxd8 28. Qe6 b5 29. Nd5 c4 30. h4 f5 31. h5 fxe4 32. Nf4 Bc8 33. Qe5+ Kf7 34. h6
Qe7 35. Qg7+ Ke8 36. Nxg6 Qxg7 37. hxg7 Be6 38. Nf4 Bg8 39. a3 a5 40. Kf1 b4 41.
axb4 axb4 42. Ke2 Ke7 43. Ke3 Kf6 44. Nh5+ Kg5 45. Ng3 Kg6 46. Nxe4 Kxg7 47. Kd4
h5 48. Nd2 c3 49. bxc3 bxc3 50. Kxc3 Be6 51. Kd4 h4 52. Nf3 h3 53. g3 Kg6 54.
Ke5 Bc8 55. Kf4 Kh5 56. Nh2 Bb7 57. g4+ Kh4 58. g5 Bc8 59. Nf3+ Kh5 60. Ke5 Bb7
61. Kf4 Bxf3 62. Kxf3 Kxg5 63. Kg3 h2 64. Kxh2 Kf4 65. Kg2 Kg4 66. f3+ Kf4 67.
Kf2 Kf5 68. Kg3 Kg5 69. f4+ Kf5 70. Kf3 Kf6 71. Kg4 Kg6 72. f5+ Kf6 73. Kf4 Kf7
74. Kg5 Kg7 75. f6+ Kf7 76. Kf5 Kf8 77. Kg6 Kg8 78. f7+ Kf8 79. Kf6 1/2-1/2

[Event "37th World Junior Girls"]
[Site "New Delhi IND"]
[Date "2019.10.21"]
[Round "7.28"]
[White "Onur, Cigdem"]
[Black "Bauyrzhan, Arnash"]
[Result "0-1"]
[WhiteElo "1913"]
[BlackElo "2075"]
[WhiteFideId "6346030"]
[BlackFideId "13706322"]
[EventDate "2019.10.15"]

1. e4 c5 2. Nf3 e6 3. c3 Nc6 4. d4 d5 5. exd5 exd5 6. Bb5 Bd6 7. dxc5 Bxc5 8.
O-O Ne7 9. Bg5 O-O 10. Nbd2 Qb6 11. Qa4 Bf5 12. Nb3 Bd6 13. Rad1 Bc2 14. Rd2 Be4
15. Nbd4 Nxd4 16. Nxd4 Qc7 17. g3 Ng6 18. f3 a6 19. fxe4 axb5 20. Qb3 dxe4 21.
Nxb5 Qc5+ 22. Kh1 Bxg3 23. Rd5 Qc8 24. Rdf5 Be5 25. Rxf7 Rxf7 26. Qxf7+ Kh8 27.
Nd4 Qh3 28. Qf2 h6 29. Bc1 Rf8 30. Qxf8+ Nxf8 31. Rxf8+ Kh7 32. Rf2 Bxh2 33. Rg2
Bf4+ 34. Kg1 Bxc1 0-1

[Event "37th World Junior Girls"]
[Site "New Delhi IND"]
[Date "2019.10.21"]
[Round "7.29"]
[White "Tsotsonava, Elene"]
[Black "Salimova, Nurgyul"]
[Result "1-0"]
[BlackTitle "FM"]
[WhiteElo "1905"]
[BlackElo "2415"]
[WhiteFideId "13615939"]
[BlackFideId "2915138"]
[EventDate "2019.10.15"]

1. e4 d5 2. exd5 Qxd5 3. Nc3 Qd6 4. d4 Nf6 5. Nge2 g6 6. Bf4 Qb6 7. Qd2 Bg7 8.
O-O-O Bd7 9. Ng3 O-O 10. h4 h5 11. Bc4 c5 12. Be5 cxd4 13. Bxd4 Qc7 14. Bb3 Bg4
15. Bxf6 exf6 16. Nd5 Qd8 17. f3 Bd7 18. Qf4 Na6 19. Ne4 f5 20. Ng5 Nc5 21. Qd6
Nxb3+ 22. axb3 Re8 23. Nc7 Be5 24. Qd5 Bf4+ 25. Kb1 Bxg5 26. Qxd7 Bf6 27. Nxa8
Qxa8 28. Rhe1 Rf8 29. g4 Bxh4 30. Rh1 Rd8 31. Qa4 Rxd1+ 32. Rxd1 b5 33. Qf4 hxg4
34. fxg4 fxg4 35. Qxg4 Bf6 36. Qf4 Kg7 37. Rd6 Qh1+ 38. Ka2 Qh4 39. Qf3 Qg5 40.
Rd5 Qc1 41. c3 b4 42. Rd1 Qg5 43. c4 Qa5+ 44. Kb1 Qe5 45. Qf2 g5 46. c5 g4 47.
c6 Qe4+ 48. Qc2 Qxc2+ 49. Kxc2 Be5 50. Rd5 Bc7 51. Rg5+ Kf6 52. Rxg4 Ke6 53.
Rxb4 Kd5 54. Rb7 Kxc6 55. Rxa7 Kb6 56. Ra4 Be5 57. Re4 f6 58. b4 Kc6 59. Rc4+
Kb5 60. Kb3 Bd6 61. Rd4 Be5 62. Rc4 Bd6 63. Rc8 Be5 64. Re8 Bd6 65. Re6 Be5 66.
Ka3 Bd4 67. Rd6 Be5 68. Rd5+ Kc6 69. Rc5+ Kb6 70. Kb3 Bd4 71. Rd5 Be5 72. Kc2
Kc6 73. Rc5+ Kb6 74. Kb3 Bd4 75. Rd5 Be5 76. b5 Ka5 77. Kc2 Bf4 78. b4+ Kb6 79.
Kc3 Bg3 80. Kc4 Be5 81. Rc5 Kb7 82. Rc6 Bb2 83. Kc5 Bc3 84. Re6 Be5 85. Re7+ Ka8
86. Kb6 Bb8 87. Re8 f5 88. Ka6 f4 89. b6 1-0

[Event "37th World Junior Girls"]
[Site "New Delhi IND"]
[Date "2019.10.21"]
[Round "7.30"]
[White "Narva, Mai"]
[Black "Punsalan, Vyanla M"]
[Result "1-0"]
[WhiteTitle "WIM"]
[BlackTitle "WFM"]
[WhiteElo "2378"]
[BlackElo "1964"]
[WhiteFideId "4500512"]
[BlackFideId "4305850"]
[EventDate "2019.10.15"]

1. e4 c5 2. Nf3 g6 3. d4 cxd4 4. Nxd4 Bg7 5. c4 Nc6 6. Be3 d6 7. Nc3 Bd7 8. Be2
Rc8 9. O-O h5 10. h3 Nh6 11. Qd2 Ne5 12. b3 Rc5 13. Ndb5 a6 14. Bxc5 dxc5 15.
Na3 Nc6 16. Nc2 Nd4 17. Rad1 Qc8 18. Nxd4 Bxd4 19. Nd5 Be6 20. Qg5 Bxd5 21. cxd5
Qb8 22. b4 b6 23. Kh1 Bf6 24. Qg3 Be5 25. f4 Bd4 26. Bxa6 Ng4 27. Rxd4 cxd4 28.
Rc1 d3 29. Rc8+ Qxc8 30. Bxc8 d2 31. Bxg4 hxg4 32. Qxg4 1-0

[Event "37th World Junior Girls"]
[Site "New Delhi IND"]
[Date "2019.10.21"]
[Round "7.31"]
[White "Ananya, Suresh"]
[Black "Harshini, A"]
[Result "1-0"]
[WhiteTitle "WCM"]
[BlackTitle "WFM"]
[WhiteElo "1896"]
[BlackElo "2230"]
[WhiteFideId "25004450"]
[BlackFideId "25008986"]
[EventDate "2019.10.15"]

1. e4 d6 2. d4 Nf6 3. Nc3 g6 4. f3 Bg7 5. Be3 Nbd7 6. Qd2 c6 7. a4 a5 8. Bc4 h5
9. Nge2 Qc7 10. h3 Nf8 11. Bb3 Be6 12. d5 Bd7 13. f4 Rc8 14. Nd4 e5 15. fxe5
dxe5 16. Nde2 cxd5 17. exd5 N8h7 18. Qd3 Bf5 19. Qb5+ Nd7 20. O-O h4 21. d6 Qxd6
22. Bxf7+ Ke7 23. Bb3 Nhf6 24. Qxb7 Rb8 25. Qf3 Nc5 26. Rad1 Qc7 27. Bg5 Qa7 28.
Nd5+ Kf7 29. Be3 Kf8 30. Nxf6 Bxf6 31. Qc6 Be7 32. Qxg6 1-0

[Event "37th World Junior Girls"]
[Site "New Delhi IND"]
[Date "2019.10.21"]
[Round "7.35"]
[White "Chandreyee, Hajra"]
[Black "Eesha, Ajay Sarda"]
[Result "1/2-1/2"]
[WhiteTitle "WIM"]
[WhiteElo "2024"]
[BlackElo "1744"]
[WhiteFideId "5056535"]
[BlackFideId "35028677"]
[EventDate "2019.10.15"]

1. e4 c5 2. Nf3 e6 3. d4 cxd4 4. Nxd4 a6 5. Nc3 Qc7 6. Be2 Nf6 7. O-O Be7 8. Be3
d6 9. f4 b5 10. a3 Bb7 11. Bf3 Nbd7 12. Nb3 Rc8 13. Qe1 O-O 14. Qg3 d5 15. exd5
Nxd5 16. Nxd5 Bxd5 17. Bxd5 exd5 18. c3 Nc5 19. Bd4 Ne6 20. Be3 Bf6 21. Rad1
Rfd8 22. Qg4 Qc4 23. Nd4 Nxd4 24. Bxd4 Rc6 25. Rfe1 Bxd4+ 26. Rxd4 Qc5 27. Qg5
Rf6 28. g3 h6 29. Qg4 Qb6 30. Kg2 Re6 31. Rxe6 fxe6 32. Qg6 Rf8 33. Qh5 Qd6 34.
Qf3 Rf7 35. Rd2 Kf8 36. Qe3 Qc6 37. Kg1 Rc7 38. Re2 Kf7 39. Rf2 Kg8 40. f5 exf5
41. Rxf5 Rf7 42. Re5 Qc4 43. Re8+ Kh7 44. Qe2 Qxe2 45. Rxe2 Kg6 46. Re6+ Rf6 47.
Rxf6+ Kxf6 48. Kf2 Kf5 49. Kf3 h5 50. h3 g5 51. Ke3 Ke5 52. b3 a5 53. Kd3 h4 54.
gxh4 gxh4 55. Ke3 Kf5 56. Kd4 Kf4 57. Kxd5 Kg3 58. Ke4 Kxh3 59. Kf3 Kh2 60. Kf2
h3 61. c4 bxc4 62. bxc4 Kh1 63. c5 h2 64. c6 a4 65. Kf1 1/2-1/2

[Event "37th World Junior Girls"]
[Site "New Delhi IND"]
[Date "2019.10.21"]
[Round "7.40"]
[White "Cosme Contreras, Trilce"]
[Black "Figueroa Bernal, Julia Dennis"]
[Result "1/2-1/2"]
[WhiteTitle "WIM"]
[BlackTitle "WCM"]
[WhiteElo "2027"]
[BlackElo "1777"]
[WhiteFideId "3819620"]
[BlackFideId "3435300"]
[EventDate "2019.10.15"]

1. d4 Nf6 2. c4 e6 3. Nc3 Bb4 4. Qc2 d5 5. a3 Bxc3+ 6. Qxc3 c5 7. cxd5 cxd4 8.
Qg3 exd5 9. Qxg7 Rg8 10. Qh6 Rg6 11. Qf4 Nc6 12. Nf3 Rg4 13. Qd2 Qb6 14. h3 Rg6
15. g3 Ne4 16. Qd1 Be6 17. Bg2 O-O-O 18. b4 Kb8 19. Bf4+ Ka8 20. Ne5 Nxe5 21.
Bxe5 d3 22. e3 Qb5 23. O-O Qd7 24. Qxd3 Bxh3 25. Rfd1 Bxg2 26. Kxg2 Ng5 27. Rh1
Qg4 28. Rh4 Qf3+ 29. Kf1 Ne4 30. Qe2 Rxg3 31. Qxf3 Rxf3 32. Ra2 Rf5 33. Bd4 h5
34. Rc2 Rg8 35. Rh3 b6 36. f4 Kb7 37. Rch2 Rc8 38. Ke1 Rc1+ 39. Ke2 Rc2+ 40. Kd3
Rf2 41. Bc3 Rxh2 42. Rxh2 Nxc3 43. Kxc3 Kc6 44. a4 a6 45. Kd4 Kd7 46. Rh4 Ke6
47. Kd3 Kd6 48. Ke2 a5 49. bxa5 bxa5 50. Kd3 Kc5 51. Kc3 Kc6 52. Kd4 Kb6 53. Rh1
Kc6 54. Rc1+ Kb6 55. Rc8 Kb7 56. Rh8 Kc7 57. Rh6 f6 58. Kc5 Kd7 59. Rh7+ Ke6 60.
Kd4 Kd6 61. Ra7 Kc6 62. Rg7 Kd6 63. Rh7 Kc6 64. Re7 Kd6 65. Ra7 Kc6 66. Rxa5 h4
67. Rc5+ Kb6 68. Rb5+ Ka6 69. Rb2 h3 70. Rh2 Rh5 71. Kc5 Ka5 72. Kd6 Kxa4 73.
Ke6 Kb3 74. Kxf6 Kc3 75. Kg6 Rh4 76. Kg5 Rh8 77. Kg4 Kd3 78. Rxh3 Rxh3 1/2-1/2

[Event "37th World Junior Girls"]
[Site "New Delhi IND"]
[Date "2019.10.22"]
[Round "8.1"]
[White "Shuvalova, Polina"]
[Black "Assaubayeva, Bibisara"]
[Result "1-0"]
[WhiteTitle "WIM"]
[BlackTitle "FM"]
[WhiteElo "2412"]
[BlackElo "2381"]
[WhiteFideId "24171760"]
[BlackFideId "13708694"]
[EventDate "2019.10.15"]

1. e4 c5 2. Nf3 d6 3. d4 cxd4 4. Nxd4 Nf6 5. Nc3 a6 6. Be3 e5 7. Nb3 Be6 8. f3
Nbd7 9. g4 b5 10. g5 Nh5 11. Nd5 Bxd5 12. Qxd5 Be7 13. Qd2 Nf8 14. O-O-O Ne6 15.
Rg1 O-O 16. Kb1 Qc7 17. h4 a5 18. Bxb5 a4 19. Nc1 Rfb8 20. c4 Qb7 21. Ne2 Nc7
22. Nc3 a3 23. b3 Bf8 24. Rg2 g6 25. Qc1 Qc8 26. Rh2 Kh8 27. Ka1 Qb7 28. Kb1 Qc8
29. Nd5 Nxd5 30. Rxd5 Qe6 31. Rd1 f5 32. Bc6 Ra6 33. Bd5 Qc8 34. exf5 Qxf5+ 35.
Qc2 Qc8 36. c5 dxc5 37. Bc4 Rd6 38. Rxd6 Bxd6 39. Rd2 Qf8 40. Qd3 Rb6 41. Qd5
Nf4 42. Qe4 Nh5 43. Bxc5 Bxc5 44. Qxe5+ Ng7 45. Qxc5 Rb8 46. Qxf8+ Rxf8 47. b4
Nf5 48. b5 Nxh4 49. f4 h5 50. b6 Nf5 51. b7 Rb8 52. Rd7 h4 53. Bd5 h3 54. Kc1 h2
55. Kd2 Re8 56. Kd3 Rb8 57. Bh1 Ng3 58. Bf3 Nf5 59. Kc4 Kg8 60. Kc5 Kf8 61. Rh7 1-0

[Event "37th World Junior Girls"]
[Site "New Delhi IND"]
[Date "2019.10.22"]
[Round "8.2"]
[White "Divya, Deshmukh"]
[Black "Alinasab, Mobina"]
[Result "1/2-1/2"]
[WhiteTitle "WIM"]
[BlackTitle "WIM"]
[WhiteElo "2358"]
[BlackElo "2239"]
[WhiteFideId "35006916"]
[BlackFideId "12528897"]
[EventDate "2019.10.15"]

1. e4 c5 2. Nf3 d6 3. d4 cxd4 4. Nxd4 Nf6 5. Nc3 a6 6. g3 g6 7. Bg2 Bg7 8. O-O
O-O 9. a4 Bd7 10. a5 Nc6 11. Nxc6 Bxc6 12. Be3 Nd7 13. Bd4 Bxd4 14. Qxd4 b6 15.
b4 Qc7 16. Rfe1 bxa5 17. Rxa5 Rfc8 18. Bh3 Ne5 19. Re3 e6 20. f4 Nd7 21. Bf1 Bb7
22. Ra1 Nb6 23. Ra5 Nc4 24. Bxc4 Qxc4 25. Qxd6 Rc6 26. Qd2 Qxb4 27. Ra4 Qb6 28.
Rd4 Rac8 29. Kg2 Rc4 30. Red3 Kg7 31. Kh3 Qb2 32. Rxc4 Rxc4 33. Re3 Qb4 34. Qe1
a5 35. Qa1 Kg8 36. g4 Rd4 37. Qe1 a4 38. Qg3 Bxe4 39. Ne2 Rd2 40. Qe1 f5 41. g5
Qd6 42. Rc3 Rxc2 43. Rxc2 Bxc2 44. Qa5 Bd1 45. Qa8+ Kf7 46. Ng3 Bg4+ 47. Kh4 a3
48. Qh8 Qxf4 49. Qf6+ Ke8 50. Qxe6+ Kd8 51. Qb6+ Kd7 52. Qb5+ Ke6 53. Qe8+ Kd5
54. Qb5+ Kd4 55. Qb4+ Ke3 56. Qe1+ Be2+ 57. Kh3 Qg4+ 58. Kg2 Qf3+ 59. Kh3 Qg4+
60. Kg2 Qf3+ 61. Kg1 a2 62. Qc1+ Kd4 63. Qb2+ Kc5 64. Qxa2 Qe3+ 65. Kg2 Bf3+ 66.
Kf1 Qd3+ 67. Kf2 Bc6 68. Qa5+ Bb5 69. Qc7+ Kb4 70. Qe7+ Kb3 71. Qe3 Kc2 72.
Qxd3+ Kxd3 73. Kf3 Kd2 74. Kf4 Bd3 75. h4 Ke1 76. Ke3 Bb5 77. h5 Bc4 78. hxg6
hxg6 79. Nxf5 gxf5 80. Kf4 Be6 1/2-1/2

[Event "37th World Junior Girls"]
[Site "New Delhi IND"]
[Date "2019.10.22"]
[Round "8.3"]
[White "Berdnyk, Mariia"]
[Black "Antova, Gabriela"]
[Result "1/2-1/2"]
[BlackTitle "FM"]
[WhiteElo "2349"]
[BlackElo "2318"]
[WhiteFideId "14137054"]
[BlackFideId "2915235"]
[EventDate "2019.10.15"]

1. Nf3 d5 2. g3 Nf6 3. Bg2 e6 4. c4 c5 5. cxd5 exd5 6. d4 Nc6 7. O-O Be7 8. Nc3
O-O 9. Be3 c4 10. Ne5 Be6 11. b3 Qa5 12. Nxc6 bxc6 13. Na4 Rac8 14. Nc5 Bf5 15.
Qc1 c3 16. a3 c2 17. b4 Qb5 18. Nd3 Bxd3 19. exd3 a5 20. Qxc2 axb4 21. axb4 Qxb4
22. Bh3 Ra8 23. Qxc6 Rxa1 24. Rxa1 h6 25. Bg2 Qb3 26. h3 Kh7 27. Ra7 Bb4 28. Kh2
Qxd3 29. Bxd5 Bd2 30. Qc4 Qf5 31. g4 Qxd5 32. Qxd5 Nxd5 33. Bxd2 f5 34. Kg3 fxg4
35. hxg4 Nf6 36. f3 Rd8 37. Bc3 Nd5 38. Ba5 Rd6 39. Kf2 h5 40. gxh5 Rh6 41. Bc7
Nxc7 42. Rxc7 Rxh5 43. Ke3 Kg6 44. Ke4 Rh1 45. Rc6+ Kf7 46. f4 g6 47. Rc3 Kf6
48. d5 Re1+ 49. Re3 Rd1 50. Rd3 Re1+ 51. Kd4 Kf5 52. d6 Ke6 53. Rg3 Kxd6 54.
Rxg6+ Ke7 1/2-1/2

[Event "37th World Junior Girls"]
[Site "New Delhi IND"]
[Date "2019.10.22"]
[Round "8.4"]
[White "Tsolakidou, Stavroula"]
[Black "Solozhenkina, Elizaveta"]
[Result "1-0"]
[WhiteTitle "IM"]
[BlackTitle "WIM"]
[WhiteElo "2431"]
[BlackElo "2283"]
[WhiteFideId "4264312"]
[BlackFideId "34106615"]
[EventDate "2019.10.15"]

1. Nf3 Nf6 2. c4 e6 3. g3 d5 4. d4 Be7 5. Bg2 O-O 6. O-O dxc4 7. Qc2 b5 8. a4 b4
9. Nfd2 Nd5 10. Nxc4 c5 11. dxc5 Ba6 12. Rd1 Nd7 13. b3 Rc8 14. e4 N5f6 15. e5
Nd5 16. Bb2 Nxc5 17. Nbd2 Qc7 18. Rac1 Rfd8 19. Bf1 Qb8 20. Bd4 Rd7 21. Nd6 Bxf1
22. Nxc8 Qxc8 23. Nxf1 Rc7 24. Qb1 h5 25. h4 g6 26. Ne3 Nb6 27. Nc4 Ncxa4 28.
Nd6 Bxd6 29. exd6 Rxc1 30. Qxc1 Nc3 31. Kh2 e5 32. Bxb6 axb6 33. d7 1-0

[Event "37th World Junior Girls"]
[Site "New Delhi IND"]
[Date "2019.10.22"]
[Round "8.6"]
[White "Priyanka, Nutakki"]
[Black "Vaishali, R"]
[Result "1-0"]
[WhiteTitle "WIM"]
[BlackTitle "WGM"]
[WhiteElo "2248"]
[BlackElo "2385"]
[WhiteFideId "25049615"]
[BlackFideId "5091756"]
[EventDate "2019.10.15"]

1. Nf3 d5 2. e3 Nf6 3. c4 e6 4. b3 c5 5. Bb2 Nc6 6. cxd5 exd5 7. Bb5 Bd6 8. O-O
O-O 9. d4 cxd4 10. Nxd4 Bc7 11. Be2 a6 12. Nc3 Re8 13. Nxc6 bxc6 14. Bf3 Qd6 15.
g3 Bh3 16. Bg2 Qd7 17. Na4 Bxg2 18. Kxg2 Ne4 19. Rc1 Re6 20. Qg4 f5 21. Qxf5 Rf8
22. Qg4 Qf7 23. f4 h5 24. Qe2 Qf5 25. Bd4 Rg6 26. Nc5 h4 27. Nxe4 Qxe4+ 28. Qf3
Qf5 29. Rg1 Re8 30. Kf2 hxg3+ 31. hxg3 Rh6 32. Rh1 Rxh1 33. Rxh1 c5 34. Rh5 Qc2+
35. Kg1 Re4 36. Rh8+ Kxh8 37. Qh5+ Kg8 38. Qxd5+ Kh7 39. Qh5+ Kg8 40. Qd5+ Kf8
41. Bxc5+ Ke8 42. Qc6+ Kf7 43. Qxc7+ Kg6 44. Qc6+ Kh7 45. Qd5 a5 46. a4 1-0

[Event "37th World Junior Girls"]
[Site "New Delhi IND"]
[Date "2019.10.22"]
[Round "8.8"]
[White "Rakshitta, Ravi"]
[Black "Aakanksha, Hagawane"]
[Result "0-1"]
[WhiteTitle "WIM"]
[BlackTitle "WIM"]
[WhiteElo "2310"]
[BlackElo "2181"]
[WhiteFideId "25073230"]
[BlackFideId "25014510"]
[EventDate "2019.10.15"]

1. e4 c5 2. Nc3 d6 3. Nf3 Nf6 4. e5 dxe5 5. Nxe5 a6 6. a4 Qc7 7. Nc4 Nc6 8. d3
h6 9. h3 Be6 10. g3 Bxc4 11. dxc4 Rd8 12. Bd2 Ne5 13. Qe2 Qc6 14. Nd5 Nxc4 15.
Qxc4 Qxd5 16. Qxd5 Nxd5 17. Bg2 Rd7 18. O-O-O e6 19. Ba5 b5 20. Rhe1 Be7 21.
axb5 axb5 22. Bxd5 Rxd5 23. Rxd5 exd5 24. Re5 Kd7 25. Rxd5+ Kc6 26. Rf5 f6 27.
Bd2 Ra8 28. c3 Ra1+ 29. Kc2 Bd6 30. Rf3 Rf1 31. h4 c4 32. Be3 Kd5 33. Bd4 b4 34.
b3 Ra1 35. Rf5+ Ke4 36. Rb5 Ra2+ 37. Kb1 cxb3 38. Rb6 Kd5 39. Be3 Rc2 40. cxb4
Re2 41. Bd4 Bc7 42. Rb7 Rc2 43. Bb2 Kc6 44. Ra7 Kd5 45. b5 Bb6 46. Rb7 Bc5 47.
Rxg7 Rxf2 48. Rd7+ Kc4 49. Rd1 h5 50. Bc1 Re2 51. Bb2 f5 52. Rf1 Rf2 53. Rd1
Kxb5 54. Be5 Kc4 55. Rc1+ Kd5 56. Bf6 Ba3 57. Re1 Rf3 58. Rd1+ Ke6 59. Bg5 Rxg3
60. Rf1 Rg2 61. Bf4 Kd5 62. Re1 Bc5 63. Re5+ Kc4 64. Re1 Rg1 65. Rxg1 Bxg1 0-1

[Event "37th World Junior Girls"]
[Site "New Delhi IND"]
[Date "2019.10.22"]
[Round "8.9"]
[White "Li, Yunshan"]
[Black "Mrudul, Dehankar"]
[Result "1-0"]
[WhiteTitle "WFM"]
[BlackTitle "WCM"]
[WhiteElo "2289"]
[BlackElo "2227"]
[WhiteFideId "8607664"]
[BlackFideId "25096990"]
[EventDate "2019.10.15"]

1. d4 Nf6 2. c4 e6 3. Nc3 Bb4 4. Qc2 O-O 5. a3 Bxc3+ 6. Qxc3 b6 7. Bg5 Bb7 8. f3
Nc6 9. e3 Re8 10. Bd3 Qe7 11. Ne2 e5 12. d5 Nb8 13. Qc2 h6 14. Bxf6 Qxf6 15. Nc3
a5 16. Rb1 d6 17. O-O Nd7 18. b4 Qg5 19. Rfe1 g6 20. Ne4 Qe7 21. Qb3 Kg7 22.
Rec1 f5 23. Nd2 Qg5 24. Nf1 e4 25. fxe4 fxe4 26. Bc2 Nf6 27. Re1 Re5 28. Qc3
axb4 29. axb4 Rf8 30. Ng3 Qh4 31. Bd1 Bc8 32. c5 Nxd5 33. Qd4 Kh7 34. cxd6 cxd6
35. Bb3 Be6 36. Bxd5 Bxd5 37. Qxb6 Qe7 38. Rbc1 Rf7 39. Rf1 h5 40. Rxf7+ Bxf7
41. Rc7 Qe6 42. Qd4 Kg8 43. h3 h4 44. Ne2 Rd5 45. Qa1 Rd2 46. Nf4 Qf5 47. Ra7
Qe5 48. Qe1 Qc3 49. Ra8+ Kg7 50. Qxh4 Qxe3+ 51. Kh2 Bg8 52. Qe7+ Kh6 53. Qf6 Bh7
54. Rh8 Rxg2+ 55. Nxg2 1-0

[Event "37th World Junior Girls"]
[Site "New Delhi IND"]
[Date "2019.10.22"]
[Round "8.12"]
[White "Sapale, Saloni"]
[Black "Protopopova, Anastasiya"]
[Result "0-1"]
[WhiteTitle "WIM"]
[BlackTitle "WFM"]
[WhiteElo "2142"]
[BlackElo "2263"]
[WhiteFideId "5085527"]
[BlackFideId "24172073"]
[EventDate "2019.10.15"]

1. e4 c5 2. Nf3 d6 3. d4 cxd4 4. Nxd4 Nf6 5. Nc3 a6 6. f4 g6 7. a4 Bg7 8. Bc4
O-O 9. Qe2 Qb6 10. Nf3 e6 11. a5 Qc7 12. O-O Nc6 13. Be3 Nxa5 14. Bd3 Nc6 15. h3
Rb8 16. g4 b5 17. g5 Nh5 18. Qf2 Nb4 19. Nd1 Bd7 20. Nh4 d5 21. e5 Rfc8 22. Rc1
Nxd3 23. cxd3 Qb7 24. Rxc8+ Rxc8 25. b4 Bf8 26. Qd2 d4 27. Bxd4 Ng3 28. Rf3 Nf5
29. Nxf5 Qxf3 30. Nh4 Qg3+ 31. Ng2 Bc6 32. Bc3 Bxg2 33. Qxg2 Qxd3 0-1

[Event "37th World Junior Girls"]
[Site "New Delhi IND"]
[Date "2019.10.22"]
[Round "8.16"]
[White "Harshita, Guddanti"]
[Black "Yakubbaeva, Nilufar"]
[Result "0-1"]
[WhiteTitle "WIM"]
[WhiteElo "2123"]
[BlackElo "2281"]
[WhiteFideId "25043250"]
[BlackFideId "14204487"]
[EventDate "2019.10.15"]

1. e4 c5 2. Nf3 d6 3. d4 cxd4 4. Nxd4 Nf6 5. Nc3 a6 6. Bg5 e5 7. Nb3 Be7 8. Qd3
Be6 9. Bxf6 Bxf6 10. O-O-O Be7 11. g3 Nd7 12. f4 Rc8 13. Kb1 b5 14. h4 O-O 15.
f5 Bc4 16. Qf3 Bxb3 17. axb3 Qc7 18. Rh2 Nb6 19. g4 f6 20. Bd3 Qc5 21. Rdh1 Rcd8
22. g5 d5 23. Qg4 d4 24. Ne2 Nc4 25. bxc4 bxc4 26. Nc1 Rb8 27. Bxc4+ Qxc4 28.
Nd3 Rb5 29. h5 Rfb8 30. gxf6 Bxf6 31. h6 Rxb2+ 32. Nxb2 Qc3 33. Kc1 Qxb2+ 34.
Kd1 Qc3 35. Qh5 Rb1+ 36. Ke2 Qxc2+ 37. Kf3 Rb3+ 38. Kg4 Qxe4# 0-1